000 00813cam a22002653a 4500
001 2713
003 PGUSA
005 20140828083020.0
008 060331s2006||||xxu|||||s|||||000 1 eng d
040 _aPGUSA
_beng
042 _adc
050 4 _aPR
100 1 _aHaggard, H. Rider
_q(Henry Rider),
_d1856-1925
245 1 0 _aMaiwa's Revenge; Or, The War of the Little Hand
_h[electronic resource] /
_cH. Rider Haggard
260 _bProject Gutenberg,
_c2006
506 _aPublic domain in the USA.
516 _aElectronic text
653 _aQuatermain, Allan (Fictitious character) -- Fiction
653 _aHunting guides -- Fiction
653 _aAfrica -- Fiction
653 _aRevenge -- Fiction
830 0 _aProject Gutenberg
_v2713
856 4 0 _uhttp://www.gutenberg.org/ebooks/2713
942 _cEB
999 _c232046
_d232046